Las Españas (Record no. 59179)

MARC details
000 -LEADER
campo de control de longitud fija 00546nam a2200169 i 4500
001 - NÚMERO DE CONTROL
campo de control 59179
003 - IDENTIFICADOR DE NÚMERO DE CONTROL
campo de control ES-MaACL
005 - FECHA Y HORA DE LA ÚLTIMA TRANSACCIÓN
campo de control 20230906164000.0
007 - CAMPO FIJO DE DESCRIPCIÓN FÍSICA--INFORMACIÓN GENERAL
campo de control de longitud fija t|
008 - DATOS DE LONGITUD FIJA--INFORMACIÓN GENERAL
campo de control de longitud fija 031027s1948 sp ||||1| spa d
100 1# - ENTRADA PRINCIPAL--NOMBRE DE PERSONA
Nombre de persona Elías de Tejada, Francisco.
9 (RLIN) 46976
245 14 - MENCIÓN DEL TÍTULO
Título Las Españas
Resto del título : formación histórica : tradiciones regionales /
Mención de responsabilidad, etc. Francisco Elías de Tejada Spínola.
260 ## - PUBLICACIÓN, DISTRIBUCIÓN, ETC.
Lugar de publicación, distribución, etc. Madrid :
Nombre del editor, distribuidor, etc. Ambos Mundos,
Fecha de publicación, distribución, etc. [1948] (
Fabricante Marisal)
300 ## - DESCRIPCIÓN FÍSICA
Extensión VIII, 304 p. ;
Dimensiones 19 cm.
500 ## - NOTA GENERAL
Nota general Año en el prólogo.
852 ## - LOCALIZACIÓN
Ubicación ES-MaACL
Número de control de estantería C-4867
Sublocalización o colección R.25537
Holdings
Estatus retirado Estado de pérdida Estado de daño No para préstamo Biblioteca de origen Biblioteca actual Ubicación en estantería Fecha de adquisición Fuente de adquisición Total de préstamos Signatura topográfica completa Código de barras Visto por última vez Precio de reemplazo Tipo de ítem Koha
        Biblioteca del Ateneo de Madrid Biblioteca del Ateneo de Madrid Sala Palomar 17/01/2008     C-4867 1062079 23/02/2023 23/02/2023 Libro impreso